000 00949cab a2200193 4500
001 ##L133926
008 060621n2006 000 0 eng u
035 _a(Sirsi) u133926
041 0 _aeng
100 1 _aWehner, Piers
245 0 0 _aDown the drain
260 _c2006
490 0 _aEstates Gazette
_v(0624) 17 June 2006, 66-70(4)
520 _aReports on predictions of crisis for the water and sewerage system of southeast England. The Environment Agency is convinced that, unless the system is radically overhauled, plans to massively increase the area's housing stock will be impossible, and the 2012 Olympic Games may be a disaster. Looks at the problems with the sewerage system, and considers the proposals put forward for solving them and the water supply problem.
590 _aIKA040706
651 4 _aSOUTH EAST ENGLAND
690 _aENVIRONMENTAL AND LAND CONSULTANCY-WASTE MANAGEMENT-SEWERAGE REMOVAL AND TREATMENT
942 _n0
999 _c77262
_d77262